Catálogo

Compilación de lecturas para la discusión de las relaciones internacionales contemporáneas / (Registro nro. 14408)

Detalles MARC
000 -LEADER
fixed length control field 00735cam a2200205 i 4500
001 - CONTROL NUMBER
control field 14408
003 - CONTROL NUMBER IDENTIFIER
control field Mx-PuUPA
005 - DATE AND TIME OF LATEST TRANSACTION
control field 20251029143952.0
008 - FIXED-LENGTH DATA ELEMENTS--GENERAL INFORMATION
fixed length control field 140415s1998 mx a gr 000 0 spa d
020 ## - INTERNATIONAL STANDARD BOOK NUMBER
International Standard Book Number 9683672280
040 ## - CATALOGING SOURCE
Transcribing agency Mx-PuUPA
041 0# - LANGUAGE CODE
Language code of text/sound track or separate title spa
082 04 - DEWEY DECIMAL CLASSIFICATION NUMBER
Classification number xx
Item number xx
Edition number 23
245 ## - TITLE STATEMENT
Title Compilación de lecturas para la discusión de las relaciones internacionales contemporáneas /
Statement of responsibility, etc. Ileana Cid Capetillo, compiladora
250 ## - EDITION STATEMENT
Edition statement Primera edición
264 #1 - PRODUCTION, PUBLICATION, DISTRIBUTION, MANUFACTURE, AND COPYRIGHT NOTICE
Place of production, publication, distribution, manufacture México, D.F. :
Name of producer, publisher, distributor, manufacturer Facultad de Ciencias Políticas y Sociales, UNAM,
Date of production, publication, distribution, manufacture, or copyright notice 1998
300 ## - PHYSICAL DESCRIPTION
Extent 166 páginas :
Other physical details ilustraciones ;
Dimensions 23 cm
942 ## - ADDED ENTRY ELEMENTS (KOHA)
Source of classification or shelving scheme Dewey Decimal Classification
Koha item type Libro
Classification part xx
Item part xx
Existencias
Withdrawn status Lost status Source of classification or shelving scheme Damaged status Not for loan Collection code Home library Current library Shelving location Date acquired Source of acquisition Total Checkouts Full call number Barcode Price effective from Koha item type
    Dewey Decimal Classification   En catalogación General Biblioteca Karol Wojtyla Biblioteca Karol Wojtyla Procesos técnicos 03/12/2013 Donación   xx 62714 03/12/2013 Libro